The principles of war historically illustrated, (Record no. 552864)

000 -LEADER
fixed length control field 00464cam a2200157u 4500
082 ## - DEWEY DECIMAL CLASSIFICATION NUMBER
Classification number 355.020223
Author Mark ALT
100 1# - MAIN ENTRY--PERSONAL NAME
Personal name Altham, Edward Altham,
9 (RLIN) 49465
245 14 - TITLE STATEMENT
Title The principles of war historically illustrated,
260 ## - PUBLICATION, DISTRIBUTION, ETC.
Place of publication, distribution, etc. London,
Name of publisher, distributor, etc. Macmillan and co.,
Date of publication, distribution, etc. 1914-
300 ## - PHYSICAL DESCRIPTION
Extent v.
Dimensions 22 cm.
526 ## - STUDY PROGRAM INFORMATION NOTE
Program name 0
Interest level 0
Reading level 0
Title point value 355_020223000000000_ALT
650 #0 - SUBJECT ADDED ENTRY--TOPICAL TERM
Topical term or geographic name entry element MCE
9 (RLIN) 379
650 #0 - SUBJECT ADDED ENTRY--TOPICAL TERM
Topical term or geographic name entry element Military art and science.
9 (RLIN) 37914
650 #0 - SUBJECT ADDED ENTRY--TOPICAL TERM
Topical term or geographic name entry element Military history.
9 (RLIN) 1735
942 ## - ADDED ENTRY ELEMENTS (KOHA)
Source of classification or shelving scheme
Koha item type Book
Holdings
Withdrawn status Lost status Source of classification or shelving scheme Damaged status Not for loan Permanent Location Current Location Shelving location Date acquired Total Checkouts Full call number Barcode Date last seen Price effective from Koha item type
          Military College of Engineering (MCE) Military College of Engineering (MCE)   01/26/2015   355.020223 ALT MCE-ECP/46 01/26/2015 03/14/2021 Book
© 2023 Central Library, National University of Sciences and Technology. All Rights Reserved.